E06_【平成・令和の女性】生まれ年別名前TOP10 - Statistics

General Stats
  • This quiz has been taken 22 times
  • The average score is 176 of 407
Answer Stats
西暦 和暦 順位 名前 % Correct
1989 昭和64・平成元 1
85%
1990 平成2 1
85%
1991 平成3 2
85%
1992 平成4 2
85%
1993 平成5 2
85%
1994 平成6 2
85%
1995 平成7 2
85%
1996 平成8 6
85%
1997 平成9 9
85%
2002 平成14 8
85%
2006 平成18 5
85%
2023 令和5 9
85%
1989 昭和64・平成元 2
80%
1989 昭和64・平成元 7
80%
1990 平成2 1
80%
1990 平成2 6
80%
1991 平成3 4
80%
1991 平成3 7
80%
1992 平成4 3
80%
1992 平成4 6
80%
1993 平成5 3
80%
1993 平成5 5
80%
1994 平成6 9
80%
1995 平成7 4
80%
1995 平成7 7
80%
1996 平成8 2
80%
1997 平成9 9
80%
1998 平成10 4
80%
2015 平成27 6
75%
2016 平成28 10
75%
2021 令和3 10
75%
1994 平成6 5
70%
1994 平成6 6
70%
1995 平成7 3
70%
1995 平成7 6
70%
1997 平成9 9
70%
1998 平成10 6
70%
1999 平成11 8
70%
1999 平成11 10
70%
2000 平成12 1 さくら
70%
2000 平成12 5
70%
2001 平成13 1 さくら
70%
2002 平成14 1
70%
2003 平成15 3 さくら
70%
2003 平成15 5
70%
2004 平成16 1 さくら
70%
2004 平成16 8
70%
2005 平成17 2 さくら
70%
2005 平成17 4
70%
2006 平成18 4 さくら
70%
2006 平成18 5
70%
2007 平成19 1
70%
2007 平成19 2 さくら
70%
2008 平成20 3
70%
2008 平成20 4 さくら
70%
2009 平成21 6 さくら
70%
2010 平成22 1 さくら
70%
2010 平成22 7
70%
2013 平成25 2
70%
2014 平成26 4
70%
2015 平成27 1
70%
2015 平成27 4 さくら
70%
2016 平成28 1
70%
2016 平成28 2 さくら
70%
2017 平成29 6 さくら
70%
2018 平成30 5 さくら
70%
2018 平成30 7
70%
2022 令和4 9 さくら
70%
2024 令和6 6
70%
2003 平成15 1 陽菜
65%
2003 平成15 10 真央
65%
2004 平成16 4 陽菜
65%
2005 平成17 1 陽菜
65%
2006 平成18 1 陽菜
65%
2006 平成18 8 真央
65%
2007 平成19 4 陽菜
65%
2008 平成20 1 陽菜
65%
2009 平成21 1 陽菜
65%
2010 平成22 2 陽菜
65%
2011 平成23 1 陽菜
65%
2012 平成24 2 陽菜
65%
2013 平成25 4 陽菜
65%
2014 平成26 1 陽菜
65%
2015 平成27 2 陽菜
65%
2016 平成28 3 陽菜
65%
2018 平成30 10 陽菜
65%
2021 令和3 7 陽菜
65%
2022 令和4 4 陽菜
65%
2023 令和5 9 陽菜
65%
2024 令和6 7 陽菜
65%
2025 令和7 6 陽菜
65%
2001 平成13 4 結衣
60%
2004 平成16 9 結衣
60%
2005 平成17 8 結衣
60%
2007 平成19 4 結衣
60%
2008 平成20 2 結衣
60%
2010 平成22 7 結衣
60%
2011 平成23 3 結衣
60%
2012 平成24 1 結衣
60%
2013 平成25 3 結衣
60%
2014 平成26 8 結衣
60%
2014 平成26 9
60%
2015 平成27 3 結衣
60%
2016 平成28 8 結衣
60%
2017 平成29 6 結衣
60%
2020 令和2 10 結衣
60%
1989 昭和64・平成元 6 麻衣
55%
1990 平成2 5 麻衣
55%
1991 平成3 1 美咲
55%
1991 平成3 5 麻衣
55%
1992 平成4 1 美咲
55%
1992 平成4 6 麻衣
55%
1993 平成5 1 美咲
55%
1993 平成5 4 里奈
55%
1993 平成5 5
55%
1993 平成5 7 麻衣
55%
1994 平成6 1 美咲
55%
1994 平成6 3
55%
1994 平成6 9 麻衣
55%
1995 平成7 1 美咲
55%
1996 平成8 1 美咲
55%
1996 平成8 4
55%
1997 平成9 2 美咲
55%
1997 平成9 4
55%
1997 平成9 8 未来
55%
1998 平成10 1
55%
1998 平成10 2 美咲
55%
1998 平成10 10 未来
55%
1999 平成11 1 未来
55%
1999 平成11 2
55%
1999 平成11 3 美咲
55%
1999 平成11 5 里奈
55%
2000 平成12 3 美咲
55%
2000 平成12 7 美月
55%
2000 平成12 7
55%
2001 平成13 2 未来
55%
2001 平成13 4 美月
55%
2001 平成13 6 美咲
55%
2001 平成13 8
55%
2002 平成14 1 美咲
55%
2002 平成14 7
55%
2002 平成14 8 美月
55%
2003 平成15 5 美咲
55%
2003 平成15 7
55%
2003 平成15 8 美月
55%
2004 平成16 1 美咲
55%
2004 平成16 5 未来
55%
2005 平成17 3 美咲
55%
2005 平成17 8 美月
55%
2006 平成18 3 美咲
55%
2006 平成18 10
55%
2007 平成19 6 美咲
55%
2009 平成21 2 美咲
55%
2010 平成22 9 美咲
55%
2011 平成23 4
55%
2011 平成23 10 美咲
55%
2014 平成26 6 美咲
55%
2014 平成26 10
55%
2017 平成29 6
55%
2018 平成30 4
55%
2018 平成30 10 美月
55%
2019 平成31・令和元 3
55%
2019 平成31・令和元 8 美月
55%
2021 令和3 8
55%
2022 令和4 6
55%
1996 平成8 7
50%
1997 平成9 4
50%
2006 平成18 9 優衣
50%
2007 平成19 9 優衣
50%
2020 令和2 8
50%
2021 令和3 4
50%
2022 令和4 7
50%
2023 令和5 5
50%
1989 昭和64・平成元 3 美穂
45%
1990 平成2 7 美穂
45%
1991 平成3 3 美穂
45%
1992 平成4 5 美穂
45%
1995 平成7 4 佳奈
45%
1996 平成8 8 奈々
45%
1998 平成10 8 玲奈
45%
2001 平成13 7 玲奈
45%
2013 平成25 8
45%
2014 平成26 1
45%
2015 平成27 5
45%
2016 平成28 4
45%
2018 平成30 5
45%
2019 平成31・令和元 1
45%
2020 令和2 2
45%
2021 令和3 3
45%
2022 令和4 2
45%
2023 令和5 2
45%
2024 令和6 3
45%
2025 令和7 5
45%
1993 平成5 10 彩花
40%
1996 平成8 4 真由
40%
1996 平成8 10 彩花
40%
1996 平成8 10 優花
40%
1997 平成9 3 七海
40%
1997 平成9 4 彩花
40%
1997 平成9 4 優花
40%
1998 平成10 3 優花
40%
1998 平成10 6 七海
40%
1999 平成11 7 彩花
40%
1999 平成11 9 七海
40%
1999 平成11 10 優花
40%
2000 平成12 1 優花
40%
2000 平成12 5 七海
40%
2001 平成13 3 七海
40%
2001 平成13 8 優花
40%
2001 平成13 10 彩花
40%
2002 平成14 3 七海
40%
2002 平成14 5 莉子
40%
2002 平成14 8 優花
40%
2003 平成15 2 七海
40%
2003 平成15 8 彩花
40%
2004 平成16 5 七海
40%
2004 平成16 10 ひなた
40%
2005 平成17 8 七海
40%
2006 平成18 5 七海
40%
2006 平成18 10 優奈
40%
2007 平成19 2 優奈
40%
2007 平成19 6 七海
40%
2007 平成19 9 ひなた
40%
2008 平成20 5 優奈
40%
2008 平成20 8 莉子
40%
2009 平成21 9 七海
40%
2009 平成21 10 ひなた
40%
2009 平成21 10 杏奈
40%
2009 平成21 10 優奈
40%
2010 平成22 2 莉子
40%
2011 平成23 5 莉子
40%
2011 平成23 5 愛菜
40%
2012 平成24 4 ひなた
40%
2012 平成24 9 優奈
40%
2013 平成25 7 ひなた
40%
2013 平成25 9 愛菜
40%
2016 平成28 5 莉子
40%
2017 平成29 4 莉子
40%
2018 平成30 10 莉子
40%
2019 平成31・令和元 6 莉子
40%
2020 令和2 3
40%
2020 令和2 6 莉子
40%
2021 令和3 10 莉子
40%
2022 令和4 3
40%
2022 令和4 9 莉子
40%
2025 令和7 8
40%
1989 昭和64・平成元 8 愛美
35%
1990 平成2 3 愛美
35%
1991 平成3 8 愛美
35%
1992 平成4 10 愛美
35%
1994 平成6 4 愛美
35%
1998 平成10 4 彩乃
35%
1999 平成11 10 彩乃
35%
2000 平成12 9 愛美
35%
2000 平成12 9 彩乃
35%
2002 平成14 6 美優
35%
2005 平成17 6 美優
35%
2006 平成18 10 愛美
35%
2007 平成19 8 美優
35%
2008 平成20 6 美優
35%
2008 平成20 8 美桜
35%
2009 平成21 4 美桜
35%
2009 平成21 8 彩乃
35%
2010 平成22 5 美桜
35%
2012 平成24 9 美桜
35%
1989 昭和64・平成元 10 彩香
30%
1990 平成2 9 彩香
30%
1991 平成3 6 彩香
30%
1992 平成4 10 彩香
30%
1993 平成5 9 彩香
30%
1994 平成6 6 彩香
30%
2000 平成12 9 彩夏
30%
2004 平成16 10 百花
30%
2006 平成18 10 結菜
30%
2008 平成20 8 結菜
30%
2009 平成21 6 結菜
30%
2010 平成22 9 結菜
30%
2011 平成23 5 結菜
30%
2012 平成24 3 結菜
30%
2013 平成25 1 結菜
30%
2014 平成26 3 結菜
30%
2016 平成28 5 結菜
30%
2016 平成28 5 咲良
30%
2017 平成29 1 結菜
30%
2017 平成29 1 咲良
30%
2018 平成30 3 結菜
30%
2018 平成30 9
30%
2019 平成31・令和元 5
30%
2020 令和2 4 結菜
30%
2020 令和2 8
30%
2021 令和3 1
30%
2022 令和4 4 結菜
30%
2023 令和5 3
30%
2023 令和5 5 結菜
30%
2024 令和6 1
30%
2025 令和7 3
30%
2025 令和7 10 結菜
30%
1989 昭和64・平成元 9
25%
1990 平成2 4 千尋
25%
1990 平成2 8
25%
1991 平成3 10 千尋
25%
1992 平成4 4
25%
1992 平成4 9 千尋
25%
1993 平成5 8
25%
1995 平成7 10
25%
1996 平成8 3 明日香
25%
1997 平成9 1 明日香
25%
1998 平成10 9 明日香
25%
1999 平成11 4 亜美
25%
2000 平成12 9 明日香
25%
2002 平成14 8
25%
2003 平成15 4
25%
2004 平成16 3
25%
2005 平成17 7
25%
2012 平成24 8
25%
2013 平成25 6
25%
2014 平成26 10
25%
2014 平成26 10 愛梨
25%
2017 平成29 9
25%
1989 昭和64・平成元 5 沙織
20%
1990 平成2 9 沙織
20%
1991 平成3 9 早紀
20%
1992 平成4 8 桃子
20%
1994 平成6 6 千夏
20%
1994 平成6 9 桃子
20%
1995 平成7 8 菜摘
20%
1995 平成7 9 桃子
20%
1996 平成8 8 桃子
20%
2000 平成12 9 詩織
20%
2001 平成13 10 琴音
20%
2009 平成21 5 結愛
20%
2009 平成21 10 愛莉
20%
2010 平成22 2 結愛
20%
2011 平成23 1 結愛
20%
2012 平成24 4 結愛
20%
2012 平成24 9 芽依
20%
2012 平成24 9 美結
20%
2013 平成25 5 結愛
20%
2013 平成25 9 美結
20%
2014 平成26 5 結愛
20%
2014 平成26 6 愛莉
20%
2015 平成27 7 結愛
20%
2016 平成28 9 結愛
20%
2017 平成29 5 芽依
20%
2017 平成29 9 結愛
20%
2018 平成30 2 結愛
20%
2018 平成30 7 芽依
20%
2019 平成31・令和元 3 結愛
20%
2019 平成31・令和元 8 芽依
20%
2020 令和2 5 結愛
20%
2021 令和3 5 芽依
20%
2021 令和3 6 結愛
20%
2022 令和4 8 結愛
20%
2022 令和4 9 芽依
20%
2023 令和5 4 結愛
20%
2023 令和5 5 芽依
20%
2024 令和6 5 芽依
20%
2024 令和6 10 結愛
20%
1999 平成11 6 菜々子
15%
2000 平成12 3 菜月
15%
2002 平成14 4 美羽
15%
2003 平成15 10 菜月
15%
2005 平成17 4 美羽
15%
2006 平成18 2 美羽
15%
2007 平成19 9 美羽
15%
2008 平成20 7 心優
15%
2009 平成21 2 美羽
15%
2010 平成22 6 美羽
15%
2011 平成23 5 美羽
15%
2013 平成25 9 陽葵
15%
2015 平成27 7 心結
15%
2015 平成27 7 陽葵
15%
2017 平成29 3 陽葵
15%
2019 平成31・令和元 2 陽葵
15%
2020 令和2 1 陽葵
15%
2021 令和3 2 陽葵
15%
2022 令和4 1 陽葵
15%
2023 令和5 1 陽葵
15%
2023 令和5 9
15%
2024 令和6 2
15%
2024 令和6 4 陽葵
15%
2025 令和7 1
15%
2025 令和7 2 陽葵
15%
2004 平成16 7 花音
10%
2015 平成27 7 花音
10%
2012 平成24 9 心咲
5%
2018 平成30 1 結月
5%
2019 平成31・令和元 7 結月
5%
2020 令和2 7 結月
5%
2021 令和3 8 紬希
5%
2023 令和5 9 結月
5%
2024 令和6 7 心陽
5%
2024 令和6 9 心晴
5%
2025 令和7 7 心陽
5%
2025 令和7 10 琴葉
5%
1989 昭和64・平成元 4 成美
0%
2011 平成23 5 心愛
0%
2012 平成24 4 心春
0%
2012 平成24 7 心愛
0%
2014 平成26 10 心春
0%
2019 平成31・令和元 8 心春
0%
2022 令和4 9 咲茉
0%
2023 令和5 5 心春
0%
2023 令和5 9 咲茉
0%
2023 令和5 9 彩葉
0%
2025 令和7 4 茉白
0%
2025 令和7 8 彩葉
0%
No matching quizzes found
Score Distribution
Percent of People with Each Score
Percentile by Number Answered
Your Score History
You have not taken this quiz